000 00645nam a2200181Ia 4500
003 GCL
008 140319s9999 xx 000 0 ara d
040 _aGCL /
_cGCL
082 0 4 _aق
_b962.02
_bع م
100 1 _aالجبرتى : عبدالرحمن بن حسن، 1167-1237 هـ
245 1 0 _aمظهر التقديس بذهاب دولة الفرنسيس /
_cالجبرتى : عبدالرحمن بن حسن، 1167-1237 هـ
700 1 _aعمر الدسوقى
700 1 _aحسن محمد جوهر(تحقيق)
300 _a406 ص
490 _a
650 0 4 _aمصر - تاريخ - العصر الحديث (1805 - 1956 )
942 _2ddc
_cBK
999 _c46062
_d46062